[Event "Vojvodina-chT 2nd League"]
[Site "Novi Sad"]
[Date "2018.11.14"]
[Round "8.5"]
[White "Djacanin, Goran"]
[Black "Besedes, Danilo"]
[Result "0-1"]
[WhiteElo "2186"]
[BlackElo "2290"]
[PlyCount "118"]
[EventDate "2018.11.09"]
[EventType "team-tourn"]
[EventRounds "11"]
[EventCountry "SRB"]
[SourceTitle "CBM 187 Extra"]
[Source "ChessBase"]
[SourceDate "2018.11.04"]
[SourceVersion "1"]
[SourceVersionDate "2018.11.04"]
[SourceQuality "1"]
[WhiteTeam "Novi Sad Vojvodina"]
[BlackTeam "Elemir Naftagas"]
[WhiteTeamCountry "SRB"]
[BlackTeamCountry "SRB"]

1. e4 e6 2. d4 d5 3. e5 c5 4. c3 Nc6 5. Nf3 Nge7 6. a3 Ng6 7. b4 cxd4 8. cxd4 Be7 9. Nc3 0-0 10. Bd3 f6 11. Ne2 fxe5 12. Bxg6 e4 13. Ne5 Nxe5 14. Bxh7+ Kxh7 15. dxe5 Bg5 16. h4 Bxc1 17. Rxc1 Bd7 18. Nd4 Rc8 19. Qh5+ Kg8 20. 0-0 Qb6 21. Rxc8 Rxc8 22. Nb3 Bb5 23. Re1 Rf8 24. Nc5 Be8 25. Qg5 Rf7 26. Re3 Qc6 27. Rg3 b6 28. Nb3 Qc2 29. Qe3 Qd1+ 30. Kh2 Qh5 31. Rg5 Qxh4+ 32. Kg1 Rf4 33. g3 Qxg5 34. Qxf4 Qh5 35. g4 Qh4 36. Nd4 Bf7 37. Nb5 Bh5 38. Nxa7 Bxg4 39. Nc6 Qh5 40. Ne7+ Kh7 41. Qf8 Qxe5 42. Qh8+ Kxh8 43. Ng6+ Kg8 44. Nxe5 Bd1 45. Kf1 Ba4 46. Ke2 d4 47. Kd2 Bb5 48. a4 Bxa4 49. Nc4 b5 50. Nd6 e5 51. Nxe4 Kf7 52. Kd3 Ke6 53. f4 exf4 54. Kxd4 Kf5 55. Nc3 g5 56. Nxa4 bxa4 57. b5 Ke6 58. Kc5 Kd7 59. Kb4 f3 0-1

[Event "Vojvodina-chT"]
[Site "Kac"]
[Date "2016.11.22"]
[Round "11.6"]
[White "Ivanovic, Miroslav"]
[Black "Djacanin, Goran"]
[Result "0-1"]
[WhiteElo "2067"]
[BlackElo "2168"]
[PlyCount "80"]
[EventDate "2016.11.15"]
[EventType "team-tourn"]
[EventRounds "11"]
[EventCountry "SRB"]
[SourceTitle "CBM 175 Extra"]
[Source "ChessBase"]
[SourceDate "2016.12.12"]
[SourceVersion "1"]
[SourceVersionDate "2016.12.12"]
[SourceQuality "1"]
[WhiteTeam "Sombor"]
[BlackTeam "Vojvodina"]
[WhiteTeamCountry "SRB"]
[BlackTeamCountry "SRB"]

1. c4 Nf6 2. Nc3 Nc6 3. Nf3 e5 4. g3 Bc5 5. Bg2 d6 6. h3 a6 7. e3 0-0 8. 0-0 Bf5 9. d4 Ba7 10. a3 h6 11. b4 exd4 12. exd4 Qd7 13. g4 Bh7 14. Be3 Rfe8 15. Qd2 Ne4 16. Nxe4 Bxe4 17. Nh4 Bh7 18. Rad1 Nd8 19. Rfe1 Ne6 20. Bxb7 Rab8 21. Bg2 Qa4 22. d5 Bxe3 23. Rxe3 Nf8 24. Rde1 Rxe3 25. Rxe3 a5 26. bxa5 Nd7 27. Re7 Ne5 28. Rxc7 Qxa3 29. c5 g5 30. cxd6 Qxd6 31. Qc3 Rb1+ 32. Bf1 Bd3 33. Rc8+ Kh7 34. f4 Rxf1+ 35. Kh2 Rxf4 36. Nf5 Bxf5 37. gxf5 Qxd5 38. Qc2 Qd4 39. f6+ Nd3 40. Rh8+ Kxh8 0-1

[Event "Vojvodina-chT"]
[Site "Novi Sad"]
[Date "2015.11.14"]
[Round "5.5"]
[White "Grcic, Vukasin"]
[Black "Djacanin, Goran"]
[Result "0-1"]
[WhiteElo "1964"]
[BlackElo "2178"]
[PlyCount "50"]
[EventDate "2015.11.10"]
[EventType "team-tourn"]
[EventRounds "9"]
[EventCountry "SRB"]
[SourceTitle "CBM 169 Extra"]
[Source "ChessBase"]
[SourceDate "2015.12.18"]
[SourceVersion "1"]
[SourceVersionDate "2015.12.18"]
[SourceQuality "1"]
[WhiteTeam "Banovci Dunav"]
[BlackTeam "Novi Sad Vojvodina"]
[WhiteTeamCountry "SRB"]
[BlackTeamCountry "SRB"]

1. e4 d5 2. exd5 Nf6 3. d4 Bg4 4. f3 Bf5 5. Bb5+ Nbd7 6. c4 e6 7. dxe6 Bxe6 8. d5 Bf5 9. Nc3 Bc5 10. Qe2+ Kf8 11. Be3 Qe7 12. Bf4 Re8 13. Qxe7+ Rxe7+ 14. Kd2 Nb6 15. g4 Bg6 16. b3 a6 17. Ba4 Bb4 18. a3 Bxc3+ 19. Kxc3 Nfxd5+ 20. cxd5 Nxd5+ 21. Kd2 Nxf4 22. b4 h5 23. Bc2 Bxc2 24. Kxc2 Re3 25. Kb2 Nd3+ 0-1

[Event "Vojvodina-chT"]
[Site "Novi Sad"]
[Date "2015.11.12"]
[Round "3.4"]
[White "Popov, Sinisa S"]
[Black "Djacanin, Goran"]
[Result "1-0"]
[WhiteElo "2443"]
[BlackElo "2178"]
[PlyCount "47"]
[EventDate "2015.11.10"]
[EventType "team-tourn"]
[EventRounds "9"]
[EventCountry "SRB"]
[SourceTitle "CBM 169 Extra"]
[Source "ChessBase"]
[SourceDate "2015.12.18"]
[SourceVersion "1"]
[SourceVersionDate "2015.12.18"]
[SourceQuality "1"]
[WhiteTeam "Elemir Naftagas"]
[BlackTeam "Novi Sad Vojvodina"]
[WhiteTeamCountry "SRB"]
[BlackTeamCountry "SRB"]

1. d4 Nf6 2. Nf3 e6 3. c4 Nc6 4. Nc3 Bb4 5. e3 0-0 6. Qc2 d6 7. a3 Bxc3+ 8. Qxc3 a5 9. b3 Ne4 10. Qc2 f5 11. Be2 d5 12. Bb2 Bd7 13. Ne5 Nxe5 14. dxe5 Bc6 15. 0-0 Qg5 16. Bd4 dxc4 17. f3 Rad8 18. Bxc4 Rxd4 19. exd4 Qe3+ 20. Kh1 Nd2 21. Bxe6+ Kh8 22. Rfd1 Nxf3 23. d5 Nd4 24. Qc5 1-0

[Event "Vojvodina-ch 6th"]
[Site "Novi Sad"]
[Date "2015.07.30"]
[Round "8"]
[White "Djacanin, Goran"]
[Black "Kucuksari, Kaan"]
[Result "1-0"]
[WhiteElo "2207"]
[BlackElo "1981"]
[PlyCount "97"]
[EventDate "2015.07.25"]
[EventType "swiss"]
[EventRounds "9"]
[EventCountry "YUG"]
[SourceTitle "EXT 2017"]
[Source "ChessBase"]
[SourceDate "2016.10.25"]
[SourceVersion "1"]
[SourceVersionDate "2016.10.25"]
[SourceQuality "1"]

1. e4 c6 2. c4 d5 3. exd5 cxd5 4. cxd5 Nf6 5. Nc3 Nxd5 6. Nf3 Nc6 7. Bb5 a6 8. Bxc6+ bxc6 9. Ne5 Qd6 10. d4 Nxc3 11. bxc3 Be6 12. Qa4 g6 13. Ba3 Qd5 14. 0-0 Qb5 15. Qc2 Bf5 16. Qb3 Qxb3 17. axb3 Bc2 18. Bc5 Bxb3 19. Rfb1 Bd5 20. Rxa6 Rc8 21. Rb7 f6 22. Nd7 Kf7 23. Raa7 Re8 24. Nb6 h5 25. c4 Be4 26. f3 Bf5 27. d5 cxd5 28. cxd5 Kg8 29. Bxe7 Rh7 30. Bxf8 Rxb7 31. Rxb7 Kxf8 32. Kf2 g5 33. Ra7 h4 34. g3 Rb8 35. Ra8 Rxa8 36. Nxa8 Ke7 37. Ke3 hxg3 38. hxg3 Bh3 39. Nb6 Bf1 40. Kd4 Bg2 41. f4 gxf4 42. gxf4 Bh3 43. Kc5 Kf7 44. Nc4 Kg6 45. Ne3 Bd7 46. Kd6 Ba4 47. Ke7 f5 48. Ke6 Bb3 49. Ke5 1-0

[Event "Vojvodina-ch 6th"]
[Site "Novi Sad"]
[Date "2015.07.26"]
[Round "4"]
[White "Djacanin, Goran"]
[Black "Perovic, Zivojin"]
[Result "1/2-1/2"]
[WhiteElo "2207"]
[BlackElo "2042"]
[PlyCount "48"]
[EventDate "2015.07.25"]
[EventType "swiss"]
[EventRounds "9"]
[EventCountry "YUG"]
[SourceTitle "CBM 167 Extra"]
[Source "ChessBase"]
[SourceDate "2015.09.14"]
[SourceVersion "1"]
[SourceVersionDate "2015.09.14"]
[SourceQuality "1"]

1. e4 c5 2. Nc3 d6 3. f4 Nc6 4. Nf3 g6 5. Bb5 Bd7 6. 0-0 Bg7 7. d3 e6 8. f5 exf5 9. Nd5 Nd4 10. Bxd7+ Qxd7 11. c3 Nxf3+ 12. Qxf3 Nf6 13. Bh6 Nxd5 14. Bxg7 Rg8 15. Bh6 Ne7 16. Bg5 0-0-0 17. exf5 Rde8 18. Bxe7 Rxe7 19. fxg6 fxg6 20. Rfe1 Rge8 21. Qg3 Re6 22. h3 Kc7 23. Kh2 Rxe1 24. Rxe1 Rxe1 1/2-1/2